000 00391cam a22001575a 4500
001 J100923
008 000000s1926 xxk 000 0 eng u
035 _a(Sirsi) u100923
110 _aSurveyors' Institution
_93783
245 _aCatalogue of the loan library 1926.
260 _c1926
300 _a102p.
651 4 _aUnited Kingdom
_y
690 _aBusiness and management
942 _n0
999 _c99924
_d99924